000 00678nam a2200265Ia 4500
008 180803s9999 xx 000 0 und d
020 _a9780439116640
050 _bB192 1996
100 _aBallinger, Margaret
245 0 _aMaking mountains /
245 0 _cby Margaret Ballinger and Rachel Gosset ; illustrated by Alison Kubbos.
260 _aNew York, New York :
260 _bScholastic,
260 _c1996
300 _aunpaged :
300 _bcolored ;
300 _c18cm.
440 _aReading discovery.
500 _aBR
650 _aMountains.
700 _aGosset, Rachel.
700 _aKubbos, Alison.
700 _aSeries.
700 _aTitle.
999 _c358283
_d358283